NFL Players with Multiple 1000+ Receiving Seasons Since 2010 - Statistics

General Stats
  • This quiz has been taken 123 times
    21 since last reset
  • The average score is 60 of 83
Answer Stats
Hint Answer % Correct
2025, 2024,2023, 2022, 2021 Ja'Marr Chase Bengals
100%
2024, 2023, 2022, 2021 CeeDee Lamb Cowboys
94%
2023, 2022 DeVonta Smith Eagles
94%
2014, 2012, 2011 Steve Smith Sr. Ravens, Panthers
94%
2023, 2018, 2017 Adam Thielen Panthers, Vikings
89%
2024, 2023, 2022, 2020, 2019 AJ Brown Eagles, Titans
89%
2017, 2015, 2014, 2013, 2012, 2011 A.J. Green Bengals
89%
2023, 2022, 2020, 2019, 2018, 2016, 2015 Amari Cooper Browns, Cowboys, Raiders
89%
2024, 2023, 2022 Amon-Ra St. Brown Lions
89%
2018, 2017, 2016, 2015, 2014, 2013, 2011 Antonio Brown Steelers
89%
2021, 2019 Cooper Kupp Rams
89%
2024, 2023, 2022, 2021, 2020, 2018 Davante Adams Jets, Raiders, Packers
89%
2023, 2020, 2019, 2018, 2017, 2015, 2014 DeAndre Hopkins Titans, Texans
89%
2016, 2015, 2014, 2013, 2012 Demaryius Thomas Broncos
89%
2024, 2023, 2019, 2018 George Kittle 49ers
89%
2019, 2015 John Brown Bills, Cardinals
89%
2019, 2016, 2013 Julian Edelman Patriots
89%
2019, 2018, 2017, 2016, 2015, 2014, 2012 Julio Jones Falcons
89%
2024, 2023, 2022, 2021, 2020 Justin Jefferson Vikings
89%
2023, 2021, 2019, 2018, 2017, 2013 Keenan Allen Chargers
89%
2019, 2018, 2017, 2016 Michael Thomas Saints
89%
2024, 2023, 2022, 2021, 2020, 2019, 2018, 2017, 2016, 2015, 2014 Mike Evans Buccaneers
89%
2025,2023 Puka Nacua Rams
89%
2023, 2022, 2021, 2020, 2019, 2018 Stefon Diggs Bills, Vikings
89%
2022, 2021, 2020, 2019, 2018, 2017, 2016 Travis Kelce Chiefs
89%
2023, 2022, 2021, 2020, 2018, 2017 Tyreek Hill Chiefs, Dolphins
89%
2013, 2012, 2010 Andre Johnson Texans
83%
2021, 2020, 2018, 2017, 2016, 2015 Brandin Cooks Texans, Rams, Patriots, Saints
83%
2015, 2014, 2013, 2012, 2011 Calvin Johnson Lions
83%
2016, 2014, 2013, 2010 DeSean Jackson Redskins, Eagles
83%
2014, 2013, 2012 Dez Bryant Cowboys
83%
2023, 2022, 2020 DK Metcalf Seahawks
83%
2024, 2023, 2022 Garret Wilson Jets
83%
2016, 2014, 2013, 2011 Jordy Nelson Packers
83%
2017, 2016, 2015, 2011, 2010 Larry Fitzgerald Cardinals
83%
2024,2023 Nico Collins Texans
83%
2019, 2018, 2016, 2015, 2014 Odell Beckham Jr. Browns, Giants
83%
2017, 2015, 2014, 2011 Rob Gronkowski Patriots
83%
2012, 2011, 2010 Stevie Johnson Bills
83%
2014, 2013, 2012, 2011 Vincent Jackson Buccaneers, Chargers
83%
2015, 2013, 2012, 2011, 2010 Brandon Marshall Jets, Bears, Dolphins
78%
2023, 2022, 2019 Chris Godwin Buccaneers
78%
2023, 2022, 2021 Jaylen Waddle Dolphins
78%
2021, 2019 Mike Williams Chargers
78%
2022, 2021 Tee Higgins Bengals
78%
2018, 2016, 2015, 2014, 2013 T.Y. Hilton Colts
78%
2012, 2011 Wes Welker Patriots
78%
2023, 2022 Brandon Aiyuk 49ers
72%
2023, 2022 Chris Olave Saints
72%
2024, 2019 Courtland Sutton Broncos
72%
2024, 2023, 2021, 2020, 2019 DJ Moore Bears, Panthers
72%
2025,2024 Jaxon Smith-Njigba Seahawks
72%
2012, 2010 Reggie Wayne Colts
72%
2024, 2023, 2022, 2021, 2020 Terry McLaurin Commanders
72%
2022, 2021, 2020, 2019 Tyler Lockett Seahawks
72%
2016, 2015, 2014 Greg Olsen Panthers
67%
2013, 2011 Jimmy Graham Saints
67%
2023, 2021 Michael Pittman Jr. Colts
67%
2012, 2011, 2010 Roddy White Falcons
67%
2012, 2011 Victor Cruz Giants
67%
2024, 2023, 2020 Calvin Ridley Jaguars, Falcons
61%
2020, 2019 Darren Waller Raiders
61%
2025, 2023 George Pickens Cowboys, Steelers
61%
2019, 2016, 2015 Jarvis Landry Browns, Dolphins
61%
2012, 2010 Jason Witten Cowboys
61%
2020, 2019, 2015 Allen Robinson II Bears, Jaguars
56%
2016, 2015 Doug Baldwin Seahawks
56%
2019, 2018 Kenny Golladay Lions
56%
2016, 2015, 2014 Emmanuel Sanders Broncos
50%
2015, 2013, 2012 Erick Decker Jets, Broncos
50%
2012, 2011, 2010 Marques Colston Saints
50%
2014, 2013 Alshon Jeffery Bears
44%
2017, 2016, 2014 Golden Tate Lions
44%
2016, 2012 Michael Crabtree Raiders, 49ers
44%
2016, 2013 Pierre Garcon Redskins
44%
2019, 2018 Robert Woods Rams
44%
2019, 2018 Tyler Boyd Bengals
44%
2011, 2010 Dwayne Bowe Chiefs
39%
2014, 2013 Anquan Boldin 49ers, Cardinals
33%
2011, 2010 Mike Wallace Steelers
33%
2013, 2012 Brian Hartline Dolphins
22%
2011, 2010 Hakeem Nicks Giants
22%
2015, 2014 Jeremy Maclin Chiefs
22%
No matching quizzes found
Score Distribution
Percent of People with Each Score
Percentile by Number Answered
Your Score History
You have not taken this quiz since the last reset